Vista normal
Vista MARC
Entrada Personal Name
Número de registros utilizados en: 1
001 - CONTROL NUMBER
- control field: 60547
003 - CONTROL NUMBER IDENTIFIER
- control field: OSt
005 - DATE AND TIME OF LATEST TRANSACTION
- control field: 20250625144806.0
008 - FIXED-LENGTH DATA ELEMENTS
- fixed length control field: 250625|| aca||aabn | a|a d
040 ## - CATALOGING SOURCE
- Original cataloging agency: OSt
- Transcribing agency: OSt
100 ## - HEADING--PERSONAL NAME
- Personal name: Simont, Marc
- Dates associated with a name: 1915-2013
- Title of a work: Afternoon in Spain
670 ## - SOURCE DATA FOUND
- Source citation: Work cat.: (OSt)57391: Sharmat, Marjorie Weinman, 1928-2019, autora 52121, Yo, el Gran Fercho y el ladrón